Smart robots

Bibliographic Details
Main Author: Geth, Kenny
Format: Book
Published: Selangor : Express Education , 2006
Series:Steps into reading
Subjects:

MARC

LEADER 00000cam a2200000 7i4500
001 0000001500
005 20151222.0
008 070705
020 |a 9833555454 
090 0 0 |a JF   |b SC ENG (1572) 
100 1 |a Geth, Kenny 
245 1 0 |a Smart robots   |c Kenny Geth 
260 |a Selangor :   |b Express Education ,   |c 2006 
440 0 |a Steps into reading 
500 |a Children ages 7-9 years old (orange) 
650 0 |a Science 
999 |a 0000954791   |b Book   |c Children Collection   |e Cawangan Tangkak 
999 |a 0000954792   |b Book   |c Children Collection   |e Cawangan Taman Universiti 
999 |a 0000954793   |b Book   |c Children Collection   |e Cawangan Batu Pahat 
999 |a 0000954794   |b Book   |c Children Collection   |e Cawangan Taman Sri Lambak 
999 |a 0000954795   |b Book   |c Children Collection   |e Cawangan Bandar Tenggara 
999 |a 0000982021   |b Book   |c Children Collection   |e Cawangan Pontian 
999 |a 0001139422   |b Book   |c Children Collection   |e Cawangan Tangkak 
999 |a 000954793   |b Book   |c Children Collection   |e Cawangan Batu Pahat 
999 |a 000982022   |b Book   |c Children Collection   |e Cawangan Batu Pahat